| 000 | 00339nam a22001337a 4500 | ||
|---|---|---|---|
| 008 | 250327b |||||||| |||| 00| 0 eng d | ||
| 020 | _a9781111348304 | ||
| 050 |
_aPN2037 _b.D69 |
||
| 100 | _aDOWNS Missouri Willian | ||
| 245 | _aThe Art of Theatre Then and Now | ||
| 260 |
_aAustralia _bCengage _c2013 |
||
| 300 | _axxi, 471p. | ||
| 942 | _cBK | ||
| 999 |
_c2761 _d2761 |
||